Movies Quiz

Random Movies or Cast Quiz

Twilight Saga Characters Quiz Stats

 Plays Quiz not verified by Sporcle

Challenge
Share
Tweet
Embed
Score 0/76 Timer 10:00
0 Plays Today
Character Name Cast Member Name % Correct
Bella SwanKristen Stewart
96.9%
Edward CullenRobert Pattinson
92.1%
Jacob BlackTaylor Lautner
80.3%
Alice CullenAshley Greene
69.3%
Rosalie HaleNikki Reed
68.5%
Renesmee CullenMackenzie Foy
68.5%
Charlie SwanBilly Burke
67.7%
Emmett CullenKellan Lutz
67.7%
Jasper HaleJackson Rathbone
66.1%
Esme CullenElizabeth Reaser
63.8%
Carlisle CullenPeter Facinelli
63%
Renee DwyerSarah Clarke
59.8%
Jessica StanleyAnna Kendrick
59.1%
JaneDakota Fanning
44.1%
Mike NewtonMichael Welch
43.3%
AroMichael Sheen
43.3%
Eric YorkieJustin Chon
40.9%
Seth ClearwaterBoo Boo Stewart
36.2%
Angela WeberChristian Serratos
34.6%
Billy BlackGil Birmingham
33.9%
VictoriaBryce Dallas Howard
33.1%
JamesCam Gigandet
32.3%
VictoriaRachelle Lefevre
30.7%
CaiusJamie Campbell Bower
28.3%
LaurentEdi Gathegi
26.8%
Riley BiersXavier Samuel
26%
Leah ClearwaterJulia Jones
23.6%
AlecCameron Bright
22.8%
IrinaMaggie Grace
22%
Tyler CrowleyGregory Tyree Boyce
18.9%
Sam UleyChaske Spencer
18.1%
Embry CallKiowa Gordon
18.1%
MarcusChristopher Heyerdahl
16.5%
Paul LahoteAlex Meraz
15.7%
Bree TannerJodelle Ferland
15.7%
Harry ClearwaterGraham Greene
15%
TanyaMyAnna Buring
14.2%
GarrettLee Pace
14.2%
Character Name Cast Member Name % Correct
Quil AtearaTyson Houseman
13.4%
FelixDaniel Cudmore
12.6%
Emily YoungTinsel Korey
12.6%
KateCasey LaBow
12.6%
CarmenMia Maestro
12.6%
BenjaminRami Malek
12.6%
DemetriCharlie Bewley
11.8%
Jared CameronBronson Pelletier
11.8%
EleazarChristian Camargo
11%
SiobhanLisa Howard
9.4%
Royce King IIJack Huston
8.7%
LiamPatrick Brennan
8.7%
VladimirNoel Fisher
8.7%
AlistairJoe Anderson
8.7%
SashaAndrea Powell
7.9%
MaggieMarlane Barnes
7.9%
NahuelJ.D. Pardo
7.9%
HeidiNoot Seear
7.1%
StefanGuri Weinberg
7.1%
PeterErik Odom
7.1%
AmunOmar Metwally
6.3%
KebiAndrea Gabriel
6.3%
MaryToni Trucks
6.3%
CharlotteValorie Curry
6.3%
J. JenksWendell Pierce
6.3%
ZafrinaJudi Shekoni
5.5%
HuilenMarisa Quinn
5.5%
MariaCatalina Sandino Moreno
4.7%
NettieLeah Gibson
4.7%
SennaTracey Heggins
4.7%
LucyKirsten Prout
3.9%
TiaAngela Sarafyan
3.9%
Claire YoungSienna Joseph
3.1%
KaureCarolina Virguez
3.1%
Rachel BlackTanaya Beatty
2.4%
GustavoSebastiao Lemos
2.4%
KimCaitlin Mooney Fu
2.4%
RandallBill Tangradi
2.4%

You're not logged in!

Compare scores with friends on all Sporcle quizzes.
OR
Log In

You Might Also Like...

Show Comments

Extras

Created Dec 17, 2012ReportNominate
Tags:Cast Quiz, character, saga, Twilight

Top Quizzes Today


Score Distribution

Your Account Isn't Verified!

In order to create a playlist on Sporcle, you need to verify the email address you used during registration. Go to your Sporcle Settings to finish the process.

Report this User

Report this user for behavior that violates our Community Guidelines.

Details: